| 000 -LEADER |
| fixed length control field |
00330nam a22001217a 4500 |
| 008 - FIXED-LENGTH DATA ELEMENTS--GENERAL INFORMATION |
| fixed length control field |
250307b ||||| |||| 00| 0 eng d |
| 020 ## - INTERNATIONAL STANDARD BOOK NUMBER |
| International Standard Book Number |
9781783413591 |
| 082 ## - DEWEY DECIMAL CLASSIFICATION NUMBER |
| Classification number |
E FIC PRI |
| 100 ## - MAIN ENTRY--PERSONAL NAME |
| Personal name |
PRIDDY,ROGER |
| Relator term |
AUTHOR |
| 245 ## - TITLE STATEMENT |
| Title |
PIP THE LITTLE PENGUIN |
| 260 ## - PUBLICATION, DISTRIBUTION, ETC. |
| Place of publication, distribution, etc. |
53-64 CHANCERY LANE,LONDON,WC2A 1QT |
| Name of publisher, distributor, etc. |
PRIDDY BOOKS |
| Date of publication, distribution, etc. |
2006 |
| 942 ## - ADDED ENTRY ELEMENTS (KOHA) |
| Source of classification or shelving scheme |
|